[Event "GER-ch Blitz 2019"]
[Site "Magdeburg"]
[Date "2019.05.25"]
[Round "8.13"]
[White "Stern, Rene"]
[Black "Hebbinghaus, Holger"]
[Result "1/2-1/2"]
[WhiteElo "2538"]
[BlackElo "2310"]
[Annotator "ChessBase"]
[PlyCount "82"]
[EventDate "2019.05.25"]
[EventType "tourn"]
[EventCountry "GER"]
[Tiebreak "Number of wins+Number of black wins"]
[SourceTitle "playchess.com"]
[Source "ChessBase"]
[SourceQuality "1"]
[TimeControl "180+2"]

1. Nf3 {[%emt 0:00:00]} d5 {[%emt 0:00:00]} 2. d4 {[%emt 0:00:00]} e6 {[%emt 0:
00:04]} 3. c4 {[%emt 0:00:01]} a6 {[%emt 0:00:01]} 4. cxd5 {[%emt 0:00:04]}
exd5 {[%emt 0:00:01]} 5. Nc3 {[%emt 0:00:01]} Nf6 {[%emt 0:00:02]} 6. Bg5 {
[%emt 0:00:01]} Be6 {[%emt 0:00:04]} 7. e3 {[%emt 0:00:02]} Nbd7 {[%emt 0:00:
10]} 8. Bd3 {[%emt 0:00:01]} h6 {[%emt 0:00:01]} 9. Bh4 {[%emt 0:00:01]} g5 {
[%emt 0:00:29]} 10. Bg3 {[%emt 0:00:01]} Nh5 {[%emt 0:00:01]} 11. Qc2 {[%emt 0:
00:01]} Nxg3 {[%emt 0:00:18]} 12. hxg3 {[%emt 0:00:01]} c6 {[%emt 0:00:17]} 13.
O-O-O {[%emt 0:00:02]} Bg7 {[%emt 0:00:19]} 14. Kb1 {[%emt 0:00:01]} Qe7 {
[%emt 0:00:17]} 15. Rc1 {[%emt 0:00:04]} O-O-O {[%emt 0:00:15]} 16. Na4 {
[%emt 0:00:15]} Kb8 {[%emt 0:00:04]} 17. a3 {[%emt 0:00:14]} Rc8 {[%emt 0:00:
13]} 18. Nd2 {[%emt 0:00:10]} Ka7 {[%emt 0:00:04]} 19. Nb3 {[%emt 0:00:01]} Rc7
{[%emt 0:00:04]} 20. Nbc5 {[%emt 0:00:07]} Nxc5 {[%emt 0:00:04]} 21. Nxc5 {
[%emt 0:00:02]} Bc8 {[%emt 0:00:03]} 22. Qa4 {[%emt 0:00:15]} Qf6 {[%emt 0:00:
07]} 23. Rc2 {[%emt 0:00:07]} h5 {[%emt 0:00:05]} 24. Rhc1 {[%emt 0:00:10]} Qe7
{[%emt 0:00:14]} 25. Qb3 {[%emt 0:00:26]} h4 {[%emt 0:00:02]} 26. gxh4 {
[%emt 0:00:04]} Rxh4 {[%emt 0:00:02]} 27. g3 {[%emt 0:00:04]} Rh6 {[%emt 0:00:
03]} 28. Na4 {[%emt 0:00:05]} Rd7 {[%emt 0:00:09]} 29. Nb6 {[%emt 0:00:11]} Rd8
{[%emt 0:00:04]} 30. Rc5 {[%emt 0:00:07]} Qf6 {[%emt 0:00:06]} 31. Nxd5 {
[%emt 0:00:12]} cxd5 {[%emt 0:00:06]} 32. Rxc8 {[%emt 0:00:03]} Rxc8 {[%emt 0:
00:04]} 33. Rxc8 {[%emt 0:00:01]} Qxf2 {[%emt 0:00:06]} 34. Qc3 {[%emt 0:00:18]
} Qxe3 {[%emt 0:00:04]} 35. Bc2 {[%emt 0:00:37]} Qxd4 {[%emt 0:00:01]} 36.
Qxd4+ Bxd4 {[%emt 0:00:01]} 37. Rc7 {[%emt 0:00:03]} f5 {[%emt 0:00:04]} 38.
Rf7 {[%emt 0:00:03]} Rf6 {[%emt 0:00:02]} 39. Rxf6 {[%emt 0:00:01]} Bxf6 {
[%emt 0:00:01]} 40. Bxf5 {[%emt 0:00:01]} Be5 {[%emt 0:00:01]} 41. g4 {[%emt 0:
00:01]} a5 {[%emt 0:00:02]} 1/2-1/2

[Event "GER-ch Blitz 2019"]
[Site "Magdeburg"]
[Date "2019.05.25"]
[Round "8.14"]
[White "Krause, Benedict"]
[Black "Schulz, Karsten"]
[Result "1/2-1/2"]
[WhiteElo "2434"]
[BlackElo "2227"]
[Annotator "NA"]
[PlyCount "22"]
[EventDate "2019.05.25"]
[EventType "tourn"]
[EventCountry "GER"]
[Tiebreak "Number of wins+Number of black wins"]
[SourceTitle "playchess.com"]
[Source "ChessBase"]
[SourceQuality "1"]
[TimeControl "180+2"]

1. e4 {[%emt 0:00:01]} g6 {[%emt 0:00:00]} 2. d4 {[%emt 0:00:01]} Bg7 {[%emt 0:
00:00]} 3. Nc3 {[%emt 0:00:01]} d6 {[%emt 0:00:00]} 4. f4 {[%emt 0:00:02]} Nf6
{[%emt 0:00:02]} 5. Nf3 {[%emt 0:00:01]} O-O {[%emt 0:00:02]} 6. e5 {[%emt 0:
00:01]} dxe5 {[%emt 0:00:02]} 7. fxe5 {[%emt 0:00:02]} Nh5 {[%emt 0:00:03]} 8.
Be3 {[%emt 0:00:07]} Bg4 {[%emt 0:00:02]} 9. Be2 {[%emt 0:00:01]} c5 {[%emt 0:
00:05]} 10. dxc5 {[%emt 0:00:14]} Nc6 {[%emt 0:00:01]} 11. O-O {[%emt 0:00:09]}
Qb8 {[%emt 0:00:08]} 1/2-1/2

[Event "GER-ch Blitz 2019"]
[Site "Magdeburg"]
[Date "2019.05.25"]
[Round "8.15"]
[White "Carow, Johannes"]
[Black "Schneider, Ilja"]
[Result "1/2-1/2"]
[WhiteElo "2445"]
[BlackElo "2494"]
[Annotator "ChessBase"]
[PlyCount "22"]
[EventDate "2019.05.25"]
[EventType "tourn"]
[EventCountry "GER"]
[Tiebreak "Number of wins+Number of black wins"]
[SourceTitle "playchess.com"]
[Source "ChessBase"]
[SourceQuality "1"]
[TimeControl "180+2"]

1. Nf3 {[%emt 0:00:00]} Nf6 {[%emt 0:00:00]} 2. g3 {[%emt 0:00:02]} b5 {
[%emt 0:00:01]} 3. Bg2 {[%emt 0:00:11]} Bb7 {[%emt 0:00:01]} 4. Na3 {[%emt 0:
00:07]} a6 {[%emt 0:00:05]} 5. c4 {[%emt 0:00:03]} b4 {[%emt 0:00:02]} 6. Nc2 {
[%emt 0:00:01]} e6 {[%emt 0:00:00]} 7. O-O {[%emt 0:00:05]} Be7 {[%emt 0:00:03]
} 8. a3 {[%emt 0:00:07]} c5 {[%emt 0:00:19]} 9. axb4 {[%emt 0:00:06]} cxb4 {
[%emt 0:00:01]} 10. b3 {[%emt 0:00:02]} d5 {[%emt 0:00:04]} 11. d3 {[%emt 0:00:
15]} O-O {[%emt 0:00:06]} 1/2-1/2

[Event "GER-ch Blitz 2019"]
[Site "Magdeburg"]
[Date "2019.05.25"]
[Round "9.1"]
[White "Gustafsson, Jan"]
[Black "Ehmann, Thilo"]
[Result "1-0"]
[WhiteElo "2639"]
[BlackElo "2291"]
[Annotator "ChessBase"]
[PlyCount "83"]
[EventDate "2019.05.25"]
[EventType "tourn"]
[EventCountry "GER"]
[Tiebreak "Number of wins+Number of black wins"]
[SourceTitle "playchess.com"]
[Source "ChessBase"]
[SourceQuality "1"]
[TimeControl "180+2"]

1. Nf3 {[%emt 0:00:00]} c5 {[%emt 0:00:00]} 2. c4 {[%emt 0:00:01]} Nf6 {
[%emt 0:00:01]} 3. d4 {[%emt 0:00:01]} g6 {[%emt 0:00:08]} 4. Nc3 {[%emt 0:00:
02]} Bg7 {[%emt 0:00:03]} 5. e4 {[%emt 0:00:01]} cxd4 6. Nxd4 {[%emt 0:00:02]}
O-O {[%emt 0:00:13]} 7. Be2 {[%emt 0:00:01]} d6 {[%emt 0:00:01]} 8. O-O {
[%emt 0:00:03]} Nc6 {[%emt 0:00:07]} 9. Nc2 {[%emt 0:00:01]} Be6 {[%emt 0:00:
04]} 10. Bd2 {[%emt 0:00:02]} Rc8 {[%emt 0:00:06]} 11. Rc1 {[%emt 0:00:01]} Nd7
{[%emt 0:00:11]} 12. b3 {[%emt 0:00:01]} Nc5 {[%emt 0:00:07]} 13. f3 {[%emt 0:
00:04]} a6 14. Kh1 {[%emt 0:00:03]} Rb8 {[%emt 0:00:30]} 15. Nd5 {[%emt 0:00:
04]} Nd4 {[%emt 0:00:27]} 16. Nxd4 {[%emt 0:00:06]} Bxd4 {[%emt 0:00:02]} 17.
Ba5 {[%emt 0:00:16]} Qxa5 {[%emt 0:00:24]} 18. Nxe7+ {[%emt 0:00:02]} Kg7 {
[%emt 0:00:03]} 19. Qxd4+ {[%emt 0:00:02]} f6 {[%emt 0:00:01]} 20. Rc2 {
[%emt 0:00:22]} Rf7 {[%emt 0:00:14]} 21. Nd5 {[%emt 0:00:11]} Qd8 {[%emt 0:00:
00]} 22. Nf4 {[%emt 0:00:05]} Bc8 {[%emt 0:00:05]} 23. Rd1 {[%emt 0:00:02]} Rd7
{[%emt 0:00:03]} 24. Qxc5 {[%emt 0:00:21]} dxc5 {[%emt 0:00:09]} 25. Ne6+ {
[%emt 0:00:01]} Kg8 {[%emt 0:00:05]} 26. Nxd8 {[%emt 0:00:03]} Rxd1+ 27. Bxd1 {
[%emt 0:00:02]} Bd7 {[%emt 0:00:02]} 28. Nxb7 {[%emt 0:00:07]} Rxb7 {[%emt 0:
00:01]} 29. Rd2 {[%emt 0:00:02]} Kf7 {[%emt 0:00:05]} 30. Kg1 {[%emt 0:00:01]}
Ke7 31. Kf2 Bc6 {[%emt 0:00:02]} 32. Ke3 {[%emt 0:00:03]} a5 {[%emt 0:00:07]}
33. f4 {[%emt 0:00:05]} a4 {[%emt 0:00:06]} 34. h4 {[%emt 0:00:02]} Rb8 {
[%emt 0:00:12]} 35. g4 {[%emt 0:00:04]} axb3 {[%emt 0:00:10]} 36. axb3 {
[%emt 0:00:03]} Ra8 {[%emt 0:00:00]} 37. g5 {[%emt 0:00:03]} fxg5 {[%emt 0:00:
14]} 38. hxg5 Ra1 39. f5 {[%emt 0:00:10]} Rc1 {[%emt 0:00:05]} 40. f6+ Ke8 41.
e5 {[%emt 0:00:15]} Bd7 {[%emt 0:00:04]} 42. f7+ {[%emt 0:00:06]} 1-0

[Event "GER-ch Blitz 2019"]
[Site "Magdeburg"]
[Date "2019.05.25"]
[Round "9.2"]
[White "Braeuer, Franz"]
[Black "Kopylov, Michael"]
[Result "0-1"]
[WhiteElo "2445"]
[BlackElo "2413"]
[Annotator "NA"]
[PlyCount "150"]
[EventDate "2019.05.25"]
[EventType "tourn"]
[EventCountry "GER"]
[Tiebreak "Number of wins+Number of black wins"]
[SourceTitle "playchess.com"]
[Source "ChessBase"]
[SourceQuality "1"]
[TimeControl "180+2"]

1. e4 {[%emt 0:00:00]} Nf6 {[%emt 0:00:00]} 2. e5 {[%emt 0:00:01]} Nd5 3. d4 d6
{[%emt 0:00:00]} 4. c4 {[%emt 0:00:01]} Nb6 {[%emt 0:00:01]} 5. exd6 exd6 {
[%emt 0:00:01]} 6. Nc3 {[%emt 0:00:01]} Be7 {[%emt 0:00:01]} 7. Bd3 {[%emt 0:
00:01]} Nc6 {[%emt 0:00:02]} 8. Nge2 {[%emt 0:00:03]} Bg4 {[%emt 0:00:01]} 9.
f3 {[%emt 0:00:08]} Bh5 {[%emt 0:00:01]} 10. O-O {[%emt 0:00:05]} Bg6 {[%emt 0:
00:01]} 11. b3 {[%emt 0:00:07]} Bf6 {[%emt 0:00:03]} 12. Be3 {[%emt 0:00:03]}
O-O {[%emt 0:00:02]} 13. Bxg6 {[%emt 0:00:05]} hxg6 {[%emt 0:00:01]} 14. d5 {
[%emt 0:00:14]} Ne5 {[%emt 0:00:07]} 15. Qd2 {[%emt 0:00:03]} Re8 {[%emt 0:00:
03]} 16. Rae1 {[%emt 0:00:03]} Nexc4 {[%emt 0:00:04]} 17. bxc4 {[%emt 0:00:05]}
Nxc4 {[%emt 0:00:01]} 18. Qc1 {[%emt 0:00:09]} Nxe3 {[%emt 0:00:04]} 19. Rf2 {
[%emt 0:00:01]} b5 {[%emt 0:00:44]} 20. Nxb5 {[%emt 0:00:16]} Nxd5 {[%emt 0:00:
11]} 21. Rd1 {[%emt 0:00:11]} Ne3 {[%emt 0:00:30]} 22. Rd3 {[%emt 0:00:07]} Nf5
{[%emt 0:00:35]} 23. Qxc7 {[%emt 0:00:11]} Rb8 {[%emt 0:00:01]} 24. Qxd8 {
[%emt 0:00:04]} Bxd8 {[%emt 0:00:14]} 25. Nbd4 {[%emt 0:00:17]} Bb6 {[%emt 0:
00:24]} 26. g4 {[%emt 0:00:42]} Nxd4 {[%emt 0:00:13]} 27. Nxd4 {[%emt 0:00:01]}
Rbc8 {[%emt 0:00:02]} 28. Kg2 {[%emt 0:00:05]} Rc1 {[%emt 0:00:06]} 29. Rfd2 {
[%emt 0:00:03]} Ree1 {[%emt 0:00:05]} 30. Ne2 {[%emt 0:00:07]} Rc6 {[%emt 0:00:
05]} 31. Ng3 {[%emt 0:00:09]} Ra1 {[%emt 0:00:04]} 32. Ne4 {[%emt 0:00:01]} Bc7
{[%emt 0:00:04]} 33. Nxd6 {[%emt 0:00:21]} Bxd6 {[%emt 0:00:04]} 34. Rxd6 {
[%emt 0:00:00]} Rxd6 {[%emt 0:00:03]} 35. Rxd6 {[%emt 0:00:01]} Rxa2+ 36. Kg3 {
[%emt 0:00:01]} f6 {[%emt 0:00:03]} 37. Rd7 {[%emt 0:00:01]} g5 {[%emt 0:00:01]
} 38. h4 {[%emt 0:00:04]} gxh4+ 39. Kxh4 {[%emt 0:00:01]} Kh7 {[%emt 0:00:03]}
40. f4 {[%emt 0:00:04]} Ra4 {[%emt 0:00:01]} 41. f5 {[%emt 0:00:02]} Ra1 {
[%emt 0:00:03]} 42. Rd8 {[%emt 0:00:05]} a5 {[%emt 0:00:02]} 43. Ra8 {[%emt 0:
00:01]} a4 {[%emt 0:00:00]} 44. Kg3 {[%emt 0:00:01]} a3 {[%emt 0:00:00]} 45.
Kg2 {[%emt 0:00:07]} Kh6 {[%emt 0:00:01]} 46. Ra7 {[%emt 0:00:07]} a2 {[%emt 0:
00:09]} 47. Kh2 {[%emt 0:00:01]} Kh7 {[%emt 0:00:03]} 48. Kg2 {[%emt 0:00:01]}
Kg8 {[%emt 0:00:01]} 49. Kh2 {[%emt 0:00:01]} Kf8 50. Kg2 Ke8 {[%emt 0:00:00]}
51. Kh2 {[%emt 0:00:01]} Kd8 {[%emt 0:00:01]} 52. Kg2 {[%emt 0:00:00]} Kc8 {
[%emt 0:00:00]} 53. Kh2 Kb8 54. Ra4 {[%emt 0:00:05]} Kc7 {[%emt 0:00:01]} 55.
Kg2 {[%emt 0:00:01]} Kc6 {[%emt 0:00:00]} 56. Ra8 {[%emt 0:00:04]} Kd5 {
[%emt 0:00:01]} 57. Ra4 {[%emt 0:00:01]} Kc5 {[%emt 0:00:02]} 58. Ra7 {[%emt 0:
00:06]} Kd4 {[%emt 0:00:01]} 59. Ra4+ {[%emt 0:00:01]} Ke3 {[%emt 0:00:01]} 60.
Kh2 {[%emt 0:00:06]} Kf3 {[%emt 0:00:02]} 61. Ra3+ {[%emt 0:00:06]} Kxg4 {
[%emt 0:00:01]} 62. Ra5 {[%emt 0:00:01]} Kf3 {[%emt 0:00:03]} 63. Ra3+ {
[%emt 0:00:02]} Kf4 {[%emt 0:00:04]} 64. Ra5 {[%emt 0:00:01]} Kg4 {[%emt 0:00:
07]} 65. Kg2 {[%emt 0:00:01]} Re1 {[%emt 0:00:06]} 66. Rxa2 {[%emt 0:00:01]}
Kxf5 {[%emt 0:00:01]} 67. Ra7 {[%emt 0:00:02]} g5 {[%emt 0:00:00]} 68. Ra4 {
[%emt 0:00:01]} Re3 {[%emt 0:00:02]} 69. Kf2 {[%emt 0:00:01]} Rb3 {[%emt 0:00:
00]} 70. Rc4 {[%emt 0:00:02]} g4 {[%emt 0:00:01]} 71. Kg2 {[%emt 0:00:02]} Kg5
{[%emt 0:00:01]} 72. Ra4 {[%emt 0:00:01]} f5 {[%emt 0:00:00]} 73. Ra8 {[%emt 0:
00:04]} Rb2+ {[%emt 0:00:02]} 74. Kg1 {[%emt 0:00:03]} g3 {[%emt 0:00:01]} 75.
Ra4 {[%emt 0:00:01]} f4 {[%emt 0:00:01]} 0-1

[Event "GER-ch Blitz 2019"]
[Site "Magdeburg"]
[Date "2019.05.25"]
[Round "9.3"]
[White "Kirchner, Thomas"]
[Black "Buhmann, Rainer"]
[Result "0-1"]
[WhiteElo "2311"]
[BlackElo "2573"]
[Annotator "ChessBase"]
[PlyCount "94"]
[EventDate "2019.05.25"]
[EventType "tourn"]
[EventCountry "GER"]
[Tiebreak "Number of wins+Number of black wins"]
[SourceTitle "playchess.com"]
[Source "ChessBase"]
[SourceQuality "1"]
[TimeControl "180+2"]

1. e4 {[%emt 0:00:00]} e6 {[%emt 0:00:00]} 2. d4 {[%emt 0:00:00]} d5 {[%emt 0:
00:00]} 3. Bd3 {[%emt 0:00:00]} dxe4 {[%emt 0:00:05]} 4. Bxe4 {[%emt 0:00:01]}
Nf6 {[%emt 0:00:02]} 5. Bf3 {[%emt 0:00:00]} Nbd7 {[%emt 0:00:10]} 6. Ne2 {
[%emt 0:00:02]} Bd6 {[%emt 0:00:02]} 7. O-O {[%emt 0:00:02]} O-O {[%emt 0:00:
03]} 8. c4 {[%emt 0:00:04]} c6 {[%emt 0:00:02]} 9. Nbc3 {[%emt 0:00:01]} e5 {
[%emt 0:00:08]} 10. d5 {[%emt 0:00:35]} cxd5 {[%emt 0:00:03]} 11. cxd5 {
[%emt 0:00:03]} a6 {[%emt 0:00:12]} 12. g3 {[%emt 0:00:08]} Re8 {[%emt 0:00:05]
} 13. Bg2 {[%emt 0:00:11]} b5 {[%emt 0:00:04]} 14. Bg5 {[%emt 0:00:07]} h6 {
[%emt 0:00:04]} 15. Bxf6 {[%emt 0:00:02]} Nxf6 {[%emt 0:00:02]} 16. a4 {
[%emt 0:00:30]} Bd7 {[%emt 0:00:13]} 17. axb5 {[%emt 0:00:13]} axb5 {[%emt 0:
00:01]} 18. Rxa8 {[%emt 0:00:25]} Qxa8 {[%emt 0:00:02]} 19. Ne4 {[%emt 0:00:02]
} Nxe4 {[%emt 0:00:04]} 20. Bxe4 {[%emt 0:00:01]} f5 {[%emt 0:00:11]} 21. Bg2 {
[%emt 0:00:02]} e4 {[%emt 0:00:14]} 22. Qb3 {[%emt 0:00:05]} Rc8 {[%emt 0:00:
11]} 23. Nd4 {[%emt 0:00:15]} Qa4 {[%emt 0:00:02]} 24. Qxa4 {[%emt 0:00:19]}
bxa4 {[%emt 0:00:03]} 25. g4 {[%emt 0:00:00]} g6 {[%emt 0:00:31]} 26. gxf5 {
[%emt 0:00:02]} gxf5 {[%emt 0:00:01]} 27. Bh3 {[%emt 0:00:00]} Be5 {[%emt 0:00:
18]} 28. Bxf5 {[%emt 0:00:10]} Bxf5 {[%emt 0:00:02]} 29. Nxf5 {[%emt 0:00:01]}
Rf8 {[%emt 0:00:07]} 30. Ne7+ {[%emt 0:00:16]} Kf7 {[%emt 0:00:02]} 31. d6 {
[%emt 0:00:11]} Bxb2 {[%emt 0:00:15]} 32. Nc6 {[%emt 0:00:03]} Ke6 {[%emt 0:00:
03]} 33. Rd1 {[%emt 0:00:02]} Kd7 {[%emt 0:00:04]} 34. Nb4 {[%emt 0:00:01]} a3
{[%emt 0:00:03]} 35. Rd5 {[%emt 0:00:02]} Rb8 {[%emt 0:00:02]} 36. Na2 {
[%emt 0:00:01]} Rb6 {[%emt 0:00:10]} 37. Kg2 {[%emt 0:00:08]} Rxd6 {[%emt 0:00:
01]} 38. Ra5 {[%emt 0:00:02]} Rd2 {[%emt 0:00:04]} 39. Ra7+ {[%emt 0:00:04]}
Ke6 {[%emt 0:00:01]} 40. Nb4 {[%emt 0:00:02]} e3 {[%emt 0:00:04]} 41. Ra6+ {
[%emt 0:00:02]} Kf5 {[%emt 0:00:03]} 42. Ra5+ {[%emt 0:00:01]} Ke4 {[%emt 0:00:
02]} 43. Kg3 {[%emt 0:00:01]} e2 {[%emt 0:00:10]} 44. Ra4 {[%emt 0:00:01]} Rd4
{[%emt 0:00:05]} 45. f3+ {[%emt 0:00:01]} Kf5 {[%emt 0:00:03]} 46. Kf2 {
[%emt 0:00:02]} Rxb4 {[%emt 0:00:04]} 47. Rxb4 {[%emt 0:00:01]} e1=Q+ {[%emt 0:
00:02]} 0-1

[Event "GER-ch Blitz 2019"]
[Site "Magdeburg"]
[Date "2019.05.25"]
[Round "9.4"]
[White "Baskin, Robert"]
[Black "Heidrich, Manfred"]
[Result "1-0"]
[WhiteElo "2398"]
[BlackElo "2351"]
[Annotator "NA"]
[PlyCount "81"]
[EventDate "2019.05.25"]
[EventType "tourn"]
[EventCountry "GER"]
[Tiebreak "Number of wins+Number of black wins"]
[SourceTitle "playchess.com"]
[Source "ChessBase"]
[SourceQuality "1"]
[TimeControl "180+2"]

1. d4 {[%emt 0:00:00]} f5 {[%emt 0:00:00]} 2. Bf4 {[%emt 0:00:03]} Nf6 {
[%emt 0:00:02]} 3. e3 {[%emt 0:00:02]} d6 {[%emt 0:00:00]} 4. Nf3 {[%emt 0:00:
02]} g6 {[%emt 0:00:05]} 5. h3 {[%emt 0:00:02]} Bg7 {[%emt 0:00:01]} 6. Be2 {
[%emt 0:00:02]} O-O {[%emt 0:00:05]} 7. O-O {[%emt 0:00:02]} Qe8 {[%emt 0:00:
07]} 8. Bh2 {[%emt 0:00:08]} Nbd7 {[%emt 0:00:06]} 9. Nc3 {[%emt 0:00:04]} c6 {
[%emt 0:00:02]} 10. a4 {[%emt 0:00:11]} e5 {[%emt 0:00:05]} 11. dxe5 {[%emt 0:
00:01]} dxe5 {[%emt 0:00:01]} 12. Qd6 {[%emt 0:00:06]} e4 {[%emt 0:00:21]} 13.
Ng5 {[%emt 0:00:11]} Nb6 {[%emt 0:00:01]} 14. a5 {[%emt 0:00:07]} Nbd5 {
[%emt 0:00:03]} 15. Bc4 {[%emt 0:00:07]} h6 {[%emt 0:00:26]} 16. Nxd5 {[%emt 0:
00:22]} cxd5 {[%emt 0:00:01]} 17. Bxd5+ {[%emt 0:00:06]} Nxd5 {[%emt 0:00:01]}
18. Qxd5+ {[%emt 0:00:01]} Kh8 {[%emt 0:00:00]} 19. a6 {[%emt 0:00:02]} Qc6 {
[%emt 0:00:35]} 20. Nf7+ {[%emt 0:00:02]} Kh7 {[%emt 0:00:00]} 21. Qxc6 {
[%emt 0:00:07]} bxc6 {[%emt 0:00:01]} 22. Ne5 {[%emt 0:00:03]} Be6 {[%emt 0:00:
35]} 23. Rfd1 {[%emt 0:00:01]} Bd5 {[%emt 0:00:13]} 24. c4 {[%emt 0:00:33]}
Bxe5 {[%emt 0:00:05]} 25. cxd5 {[%emt 0:00:01]} Bxh2+ {[%emt 0:00:01]} 26. Kxh2
{[%emt 0:00:01]} cxd5 27. Rxd5 {[%emt 0:00:01]} Rf7 {[%emt 0:00:05]} 28. Rad1 {
[%emt 0:00:04]} Rb8 {[%emt 0:00:06]} 29. Rd7 {[%emt 0:00:02]} Kg7 {[%emt 0:00:
01]} 30. Rxf7+ Kxf7 {[%emt 0:00:00]} 31. Rd7+ {[%emt 0:00:06]} Kf6 {[%emt 0:00:
01]} 32. Rb7 {[%emt 0:00:01]} Ra8 {[%emt 0:00:05]} 33. h4 {[%emt 0:00:05]} g5 {
[%emt 0:00:03]} 34. hxg5+ {[%emt 0:00:04]} hxg5 {[%emt 0:00:00]} 35. Kg3 {
[%emt 0:00:01]} Ke6 {[%emt 0:00:01]} 36. b4 {[%emt 0:00:02]} Kd6 {[%emt 0:00:
05]} 37. Rg7 {[%emt 0:00:03]} Rb8 {[%emt 0:00:04]} 38. Rxg5 {[%emt 0:00:05]}
Ke6 {[%emt 0:00:06]} 39. Rg7 {[%emt 0:00:03]} Rxb4 {[%emt 0:00:01]} 40. Rxa7 {
[%emt 0:00:02]} Ra4 {[%emt 0:00:02]} 41. Rh7 {[%emt 0:00:04]} 1-0

[Event "GER-ch Blitz 2019"]
[Site "Magdeburg"]
[Date "2019.05.25"]
[Round "9.5"]
[White "Svane, Frederik"]
[Black "Koch, Thomas"]
[Result "0-1"]
[WhiteElo "2342"]
[BlackElo "2474"]
[Annotator "ChessBase"]
[PlyCount "47"]
[EventDate "2019.05.25"]
[EventType "tourn"]
[EventCountry "GER"]
[Tiebreak "Number of wins+Number of black wins"]
[SourceTitle "playchess.com"]
[Source "ChessBase"]
[SourceQuality "1"]
[TimeControl "180+2"]

1. e4 {[%emt 0:00:01]} c5 {[%emt 0:00:00]} 2. Nf3 {[%emt 0:00:01]} d6 {[%emt 0:
00:00]} 3. Bb5+ {[%emt 0:00:02]} Bd7 {[%emt 0:00:01]} 4. c4 {[%emt 0:00:00]}
Nc6 {[%emt 0:00:02]} 5. Nc3 {[%emt 0:00:09]} Nf6 {[%emt 0:00:01]} 6. d4 {
[%emt 0:00:06]} cxd4 {[%emt 0:00:01]} 7. Nxd4 {[%emt 0:00:01]} e6 {[%emt 0:00:
02]} 8. O-O {[%emt 0:00:06]} Be7 {[%emt 0:00:01]} 9. Be3 {[%emt 0:00:14]} O-O {
[%emt 0:00:05]} 10. Rc1 {[%emt 0:00:02]} Rc8 {[%emt 0:00:10]} 11. f3 {[%emt 0:
00:04]} a6 {[%emt 0:00:14]} 12. Bxc6 {[%emt 0:00:13]} Bxc6 {[%emt 0:00:05]} 13.
Nxc6 {[%emt 0:00:19]} Rxc6 {[%emt 0:00:01]} 14. b3 {[%emt 0:00:05]} Qc7 {
[%emt 0:00:04]} 15. Qd2 {[%emt 0:00:17]} Rc8 {[%emt 0:00:01]} 16. a4 {[%emt 0:
01:23]} Nd7 {[%emt 0:00:02]} 17. Rfd1 {[%emt 0:00:17]} Ne5 {[%emt 0:00:10]} 18.
Bd4 {[%emt 0:00:05]} h6 {[%emt 0:00:13]} 19. Qf2 {[%emt 0:00:03]} Ng6 {[%emt 0:
00:04]} 20. Rc2 {[%emt 0:00:05]} Bg5 {[%emt 0:00:05]} 21. Be3 {[%emt 0:00:04]}
Bf6 {[%emt 0:00:02]} 22. Bd4 {[%emt 0:00:01]} Ne5 {[%emt 0:00:04]} 23. Rcd2 {
[%emt 0:00:05]} Qa5 {[%emt 0:00:14]} 24. Ra2 0-1

[Event "GER-ch Blitz 2019"]
[Site "Magdeburg"]
[Date "2019.05.25"]
[Round "9.6"]
[White "Wichmann, Cliff"]
[Black "Schulze, Marc"]
[Result "0-1"]
[WhiteElo "2280"]
[BlackElo "2220"]
[Annotator "NA"]
[PlyCount "106"]
[EventDate "2019.05.25"]
[EventType "tourn"]
[EventCountry "GER"]
[Tiebreak "Number of wins+Number of black wins"]
[SourceTitle "playchess.com"]
[Source "ChessBase"]
[SourceQuality "1"]
[TimeControl "180+2"]

1. d4 {[%emt 0:00:00]} Nf6 {[%emt 0:00:00]} 2. c4 {[%emt 0:00:01]} d6 {[%emt 0:
00:00]} 3. Nf3 {[%emt 0:00:02]} Bf5 {[%emt 0:00:00]} 4. Nc3 {[%emt 0:00:02]} h6
{[%emt 0:00:01]} 5. Nd2 {[%emt 0:00:01]} Nbd7 {[%emt 0:00:03]} 6. e4 {[%emt 0:
00:02]} Bh7 {[%emt 0:00:02]} 7. f3 {[%emt 0:00:10]} e5 {[%emt 0:00:03]} 8. Nb3
{[%emt 0:00:01]} a5 {[%emt 0:00:10]} 9. Be3 {[%emt 0:00:09]} Be7 {[%emt 0:00:
05]} 10. Be2 {[%emt 0:00:03]} a4 {[%emt 0:00:04]} 11. Nc1 {[%emt 0:00:02]} a3 {
[%emt 0:00:02]} 12. b3 {[%emt 0:00:15]} Nh5 {[%emt 0:00:01]} 13. dxe5 {[%emt 0:
00:35]} dxe5 {[%emt 0:00:10]} 14. Nd3 {[%emt 0:00:03]} Bg5 {[%emt 0:00:06]} 15.
Qd2 {[%emt 0:00:03]} c6 {[%emt 0:00:12]} 16. O-O-O {[%emt 0:00:03]} Bxe3 {
[%emt 0:00:02]} 17. Qxe3 {[%emt 0:00:02]} Qg5 {[%emt 0:00:01]} 18. Qd2 {
[%emt 0:00:07]} Qxd2+ {[%emt 0:00:12]} 19. Rxd2 {[%emt 0:00:01]} Ke7 {[%emt 0:
00:02]} 20. Rhd1 {[%emt 0:00:07]} Rhd8 {[%emt 0:00:02]} 21. Nb1 {[%emt 0:00:17]
} Nf4 {[%emt 0:00:14]} 22. Nxf4 {[%emt 0:00:03]} exf4 {[%emt 0:00:01]} 23. Rd3
{[%emt 0:00:12]} f5 {[%emt 0:00:04]} 24. e5 {[%emt 0:00:05]} Bg8 {[%emt 0:00:
17]} 25. Rd4 {[%emt 0:00:16]} g5 {[%emt 0:00:01]} 26. Rd6 {[%emt 0:00:01]} Be6
{[%emt 0:00:11]} 27. Kc2 {[%emt 0:00:07]} h5 {[%emt 0:00:10]} 28. Kc3 {[%emt 0:
00:04]} g4 {[%emt 0:00:05]} 29. R1d4 {[%emt 0:00:01]} Nxe5 {[%emt 0:00:03]} 30.
Rxd8 Rxd8 31. Rxd8 {[%emt 0:00:08]} Kxd8 {[%emt 0:00:03]} 32. Nxa3 {[%emt 0:00:
01]} h4 {[%emt 0:00:01]} 33. h3 {[%emt 0:00:04]} Ke7 {[%emt 0:00:08]} 34. Nc2 {
[%emt 0:00:03]} c5 {[%emt 0:00:12]} 35. a3 {[%emt 0:00:07]} Bd7 {[%emt 0:00:03]
} 36. Ne1 {[%emt 0:00:06]} Bc6 {[%emt 0:00:22]} 37. b4 {[%emt 0:00:03]} b6 {
[%emt 0:00:04]} 38. bxc5 {[%emt 0:00:07]} bxc5 {[%emt 0:00:01]} 39. fxg4 {
[%emt 0:00:07]} fxg4 {[%emt 0:00:03]} 40. Bf1 {[%emt 0:00:20]} g3 {[%emt 0:00:
10]} 41. Kd2 {[%emt 0:00:04]} f3 {[%emt 0:00:03]} 42. Ke3 {[%emt 0:00:04]} f2 {
[%emt 0:00:12]} 43. Nc2 {[%emt 0:00:04]} Nxc4+ {[%emt 0:00:03]} 44. Bxc4 {
[%emt 0:00:01]} Bxg2 {[%emt 0:00:01]} 45. Kf4 {[%emt 0:00:02]} Bxh3 {[%emt 0:
00:03]} 46. Ne3 {[%emt 0:00:01]} g2 {[%emt 0:00:04]} 47. Nxg2 {[%emt 0:00:03]}
Bxg2 {[%emt 0:00:01]} 48. Kg4 {[%emt 0:00:01]} h3 {[%emt 0:00:01]} 49. Kg3 {
[%emt 0:00:01]} f1=Q {[%emt 0:00:03]} 50. Bxf1 Bxf1 {[%emt 0:00:00]} 51. a4 {
[%emt 0:00:01]} Kd7 {[%emt 0:00:01]} 52. Kf2 {[%emt 0:00:01]} Bg2 {[%emt 0:00:
02]} 53. a5 {[%emt 0:00:03]} Kc7 {[%emt 0:00:01]} 0-1